00595nam a2200205Ia 4500003000400000005001700004008004100021020001500062040001800077041000800095082002000103100001600123245005400139250001200193260004500205300003000250650003100280650004500311650003300356OSt20230727150346.0210716s1984 xx 000 0 und d a0434985554 cAIMIT LIBRARY aeng a005.1 22bMAYJ aMaynard, J. aComputer programming made simple /cBy J Maynard. a2nd ed. aLondon :c1984.bWilliam Heinemann Ltd , axviii,350p. ;bPBc20 cm. aCobol programming language aCommunication with the computer operator aFortran programming language